Food science and technology - Catalog 1989 - 1990

Đã lưu trong:
Bibliografiske detaljer
Format: Bog
Sprog:Undetermined
Udgivet: New York Avenue 1990
Fag:
Tags: Tilføj Tag
Ingen Tags, Vær først til at tagge denne postø!
Thư viện lưu trữ: Trung tâm Học liệu Trường Đại học Cần Thơ
LEADER 00439nam a2200169Ia 4500
001 CTU_23488
008 210402s9999 xx 000 0 und d
082 |a 016.664 
082 |b F686 
245 0 |a Food science and technology - Catalog 1989 - 1990 
260 |a New York 
260 |b Avenue 
260 |c 1990 
650 |a Food industry 
650 |x Catalog 
904 |i Truc 
980 |a Trung tâm Học liệu Trường Đại học Cần Thơ